[Event "NOR-ch U14"]
[Site "Oslo"]
[Date "2011.11.??"]
[Round "2"]
[White "Mathisen, Thomas Lund"]
[Black "Yilmaz, Kazim"]
[Result "1-0"]
[WhiteElo "849"]
[BlackElo "1131"]
[PlyCount "49"]
[EventDate "2011.11.25"]
[EventType "swiss"]
[EventRounds "7"]
[EventCountry "NOR"]
[SourceTitle "EXT 2024"]
[Source "ChessBase"]
[SourceDate "2023.10.10"]
[SourceVersion "1"]
[SourceVersionDate "2023.10.10"]
[SourceQuality "1"]

1. e4 e6 2. d4 c5 3. dxc5 Bxc5 4. Nc3 Ne7 5. Bc4 Nbc6 6. Nf3 Ng6 7. 0-0 a6 8. a4 0-0 9. b3 Nce5 10. Nxe5 Nxe5 11. Qe2 Bd6 12. Bb2 Qh4 13. g3 Qh3 14. Rad1 f5 15. Rxd6 fxe4 16. f4 exf3 17. Qd2 b5 18. Bd3 Bb7 19. Be4 Bxe4 20. Nxe4 f2+ 21. Rxf2 Nf3+ 22. Rxf3 Rxf3 23. Nf2 Qf5 24. Rxd7 e5 25. Qd5+ 1-0